All WWE/WWF Divas - Statistics

General Stats
  • This quiz has been taken 60 times
    51 since last reset
  • The average score is 29 of 65
Answer Stats
Time in WWE Answer % Correct
2021-present Xia Li
97%
2008-2012, 2013-2016, 2018 Brie Bella
82%
2008-2012, 2013-2018 Nikki Bella
82%
2018-present Nikki Cross
82%
2011-2015 AJ Lee
79%
2000-2006, 2018 Trish Stratus
79%
2015-present Charlotte Flair
76%
2015-present Becky Lynch
73%
1999-2002, 2003-2006, 2018, 2022 Lita
73%
2016-2021, 2022-present Bayley
70%
2006-2011 Michelle McCool
70%
2017-present Asuka
67%
2007-2012 Kelly Kelly
67%
2017-present Liv Morgan
67%
2012-2022 Naomi
67%
2008-present Natalya
67%
2015-2022 Sasha Banks
64%
2006-2015 Layla
61%
2016-2021 Nia Jax
61%
2014-2017 Paige
61%
2021-present Rhea Ripley
61%
2008-2011, 2013-2019 Alicia Fox
58%
2001-2007 Torrie Wilson
58%
2016-present Alexa Bliss
55%
1997-2001 Chyna
55%
2020-present Bianca Belair
52%
2005-2010, 2017-2021 Mickie James
52%
2010-present Tamina
52%
2022-present Iyo Sky
48%
2008-2010, 2016-present Maryse
48%
1999-2003, 2013-2016 Stephanie McMahon
48%
2006, 2007-2012 Beth Phoenix
45%
2016-present Carmella
42%
2022-present Dakota Kai
42%
2013-2015, 2016, 2021 Eva Marie
42%
1999-2005 Ivory
39%
2016-2021 Lana
39%
2013-2016 Summer Rae
39%
2011-2014 Kaitlyn
36%
2017-2021 Mandy Rose
36%
1996-1999, 2003-2004 Sable
33%
2017-present Sonya Deville
33%
2004-2009 Candice Michelle
30%
2018-2019, 2022-present Ronda Rousey
30%
2017-2021 Ruby Riott
30%
2017-2020 Sarah Logan
30%
2011-2014 Aksana
27%
2019-2020 Kairi Sane
27%
2001-2005 Stacy Keibler
27%
2018-present Zelina Vega
27%
2005-2009, 2019 Maria Kanellis
24%
2020-present Shayna Baszler
24%
2005-2008 Ashley Massaro
21%
2018-2021 Peyton Royce
21%
2005-2014 Vickie Guerrero
21%
2018-2021 Billie Kay
18%
2018-2019 Ember Moon
18%
2016-present Dana Brooke
15%
2018-2021, 2022-present Lacey Evans
15%
2000-2005 Molly Holly
15%
2021-present Piper Niven
15%
2021 Toni Storm
15%
2021-present Shotzi
12%
2017-2018 Mercedes Martinez
6%
2022-present Raquel Rodriquez
3%
No matching quizzes found
Score Distribution
Percent of People with Each Score
Percentile by Number Answered
Your Score History
You have not taken this quiz since the last reset